Problematika inflácie v teórii a praxi monetarizmu - východiská, skúsenosti a perspektívy dizertačná práca

Guardado en:
Detalles Bibliográficos
Autor principal: Lennerová, Ivana, 1979-
Autor Corporativo: Ekonomická univerzita v Bratislave. Národohospodárska fakulta
Otros Autores: Gonda, Vladimír
Formato: Libro
Lenguaje:eslovaco
Publicado: Bratislava 2010
Materias:
Etiquetas: Agregar Etiqueta
Sin Etiquetas, Sea el primero en etiquetar este registro!

MARC

LEADER 00000nam a2200000 4500
001 0125721
005 20240502072431.9
041 0 |a slo 
044 |a SK 
245 1 0 |a Problematika inflácie v teórii a praxi monetarizmu - východiská, skúsenosti a perspektívy  |b dizertačná práca  |c Ivana Lennerová ; škol. Vladimír Gonda 
264 1 |a Bratislava  |c 2010 
300 |a 158 s. 
610 2 0 |a inflácia 
610 2 0 |a monetarizmus 
100 1 |a Lennerová, Ivana, 1979- 
700 1 |a Gonda, Vladimír 
710 2 |a Ekonomická univerzita v Bratislave. Národohospodárska fakulta